000 00212nam a2200097Ia 4500
008 230605s9999 xx 000 0 und d
041 _aeng
100 _aFoll
245 _aModern french classic
650 _aFrench
999 _c417303
_d417303